header

M. Fabi Qvintiliani institvtionis oratoriae (Record no. 105215)

MARC details
000 -LEADER
fixed length control field 01467nam a2200337 a 4500
100 0# - MAIN ENTRY--AUTHOR NAME
Personal name Quintilian.
245 10 - TITLE STATEMENT
Title M. Fabi Qvintiliani institvtionis oratoriae
250 ## - EDITION STATEMENT
Edition statement Editio stereotypa correctior, editionis primae XXXV /
260 ## - PUBLICATION, DISTRIBUTION, ETC. (IMPRINT)
Place of publication Lipsiae :
Name of publisher In aedibvs B.G. Tevbneri,
Year of publication 1959.
300 ## - PHYSICAL DESCRIPTION
Number of Pages xi, 458 p.
490 1# - SERIES STATEMENT
Series statement Bibliotheca scriptorvm Graecorvm et Romanorvm Tevbneriana
500 ## - GENERAL NOTE
General note Includes index.
650 #0 - SUBJECT ADDED ENTRY--TOPICAL TERM
Topical Term Oratory
700 1# - ADDED ENTRY--PERSONAL NAME
Personal name Radermacher, Lvdwig.
Personal name Bvchheit, Vinzenz.
856 40 - ELECTRONIC LOCATION AND ACCESS
Uniform Resource Identifier http://site.ebrary.com/lib/rucke/Doc?id=10590244

No items available.

© 2026 Rongo University
Contact us: librarian | system librarian | Rongo university